[Event "USA-ch (Women)"]
[Site "Saint Louis"]
[Date "2016.04.25"]
[Round "11"]
[White "Melekhina, Alisa"]
[Black "Nemcova, Katerina"]
[Result "0-1"]
[WhiteElo "2205"]
[BlackElo "2367"]
[PlyCount "98"]
[EventDate "2016.04.14"]
[EventType "tourn"]
[EventRounds "11"]
[EventCountry "USA"]
[EventCategory "2"]
[SourceTitle "CBM 172 Extra"]
[Source "ChessBase"]
[SourceDate "2016.06.21"]
[SourceVersion "1"]
[SourceVersionDate "2016.06.21"]
[SourceQuality "1"]

1. e4 d6 2. d4 Nf6 3. Nc3 c6 4. Nge2 Nbd7 5. g3 e5 6. Bg2 Be7 7. 0-0 b5 8. a3 0-0 9. h3 Bb7 10. f4 a5 11. d5 b4 12. dxc6 Bxc6 13. Nd5 Nc5 14. c3 Ncxe4 15. Nxe7+ Qxe7 16. axb4 axb4 17. Rxa8 Bxa8 18. cxb4 Rb8 19. Qe1 h5 20. Nc3 Nxc3 21. fxe5 Bxg2 22. Kxg2 Qb7+ 23. Kh2 Nce4 24. exf6 Nxf6 25. Bd2 Re8 26. Qd1 Ne4 27. Bc3 Qb5 28. Re1 h4 29. Qg4 hxg3+ 30. Kg2 f6 31. Qg6 d5 32. h4 Re6 33. h5 Qd3 34. Qg4 Rc6 35. h6 g5 36. Qh5 Rc7 37. h7+ Rxh7 38. Qe8+ Kg7 39. Qe7+ Kg6 40. Qe8+ Rf7 41. Qg8+ Rg7 42. Qe8+ Kf5 43. Qc8+ Kf4 44. Kg1 Rh7 45. Be5+ Kxe5 46. Qb8+ Kf5 47. Qc8+ Kf4 48. Qc1+ Nd2 49. Rf1+ Qxf1+ 0-1

[Event "USA-ch (Women)"]
[Site "Saint Louis"]
[Date "2016.04.24"]
[Round "10"]
[White "Paikidze, Nazi"]
[Black "Melekhina, Alisa"]
[Result "1-0"]
[WhiteElo "2346"]
[BlackElo "2205"]
[PlyCount "101"]
[EventDate "2016.04.14"]
[EventType "tourn"]
[EventRounds "11"]
[EventCountry "USA"]
[EventCategory "2"]
[SourceTitle "CBM 172 Extra"]
[Source "ChessBase"]
[SourceDate "2016.06.21"]
[SourceVersion "1"]
[SourceVersionDate "2016.06.21"]
[SourceQuality "1"]

1. d4 Nf6 2. Nf3 g6 3. Bg5 Bg7 4. Nbd2 0-0 5. c3 d6 6. e4 Nc6 7. h3 e5 8. dxe5 dxe5 9. Bc4 Qe7 10. 0-0 h6 11. Be3 a6 12. b4 Rd8 13. Qc2 Be6 14. Bb3 Nh5 15. a4 Qd7 16. Rfd1 Qd3 17. Qxd3 Rxd3 18. Bxe6 fxe6 19. Rdc1 Ng3 20. fxg3 Rxe3 21. Kf2 Rd3 22. Ke2 Rdd8 23. g4 b6 24. Nc4 b5 25. Ncd2 g5 26. Ra2 Ne7 27. axb5 axb5 28. Rca1 Rac8 29. Nb3 Ng6 30. g3 Bf8 31. Ra6 Bd6 32. Ne1 Nf8 33. Nd3 Nd7 34. Nbc5 Kf7 35. Nb7 Rh8 36. Nxd6+ cxd6 37. Rxd6 Ke7 38. Raa6 Rxc3 39. Rxe6+ Kf7 40. Red6 Ke7 41. Rd5 Rhc8 42. Rxh6 Nb8 43. Rh7+ Kf8 44. Rh8+ Kf7 45. Rxc8 Rxc8 46. Nxe5+ Kf6 47. Rxb5 Nc6 48. Nxc6 Rxc6 49. Rf5+ Kg6 50. Kd3 Rc1 51. h4 1-0

[Event "USA-ch (Women)"]
[Site "Saint Louis"]
[Date "2016.04.20"]
[Round "6"]
[White "Eswaran, Ashritha"]
[Black "Melekhina, Alisa"]
[Result "1-0"]
[WhiteElo "2225"]
[BlackElo "2205"]
[PlyCount "109"]
[EventDate "2016.04.14"]
[EventType "tourn"]
[EventRounds "11"]
[EventCountry "USA"]
[EventCategory "2"]
[SourceTitle "CBM 172 Extra"]
[Source "ChessBase"]
[SourceDate "2016.06.21"]
[SourceVersion "1"]
[SourceVersionDate "2016.06.21"]
[SourceQuality "1"]

1. e4 e5 2. Nf3 Nc6 3. Bb5 a6 4. Ba4 Nf6 5. d3 d6 6. c3 Bd7 7. 0-0 g6 8. Nbd2 Bg7 9. Re1 0-0 10. Nf1 Nh5 11. h3 Kh8 12. d4 Qe8 13. Bc2 Rd8 14. Ne3 f5 15. Nd5 fxe4 16. Bxe4 Qf7 17. Bg5 Rc8 18. Qd2 Bf5 19. dxe5 Bxe4 20. Rxe4 dxe5 21. Rae1 Rce8 22. Nh2 Re6 23. Ng4 Rd6 24. c4 Nf6 25. Nxe5 Nxe5 26. Rxe5 Nxd5 27. Rxd5 Re6 28. Rxe6 Qxe6 29. b3 Bf6 30. Bxf6+ Qxf6 31. Qd4 Qxd4 32. Rxd4 Rf7 33. Kf1 Re7 34. f4 h5 35. Kf2 Kg7 36. Kf3 Kf6 37. g4 hxg4+ 38. hxg4 Rh7 39. Rd8 b6 40. g5+ Ke7 41. Rc8 Ke6 42. Rf8 Rh2 43. Rf6+ Ke7 44. Rxg6 Rxa2 45. Rc6 Rb2 46. Rxc7+ Kd6 47. Ra7 Rxb3+ 48. Ke4 a5 49. g6 Rc3 50. g7 Rxc4+ 51. Kf5 Rc8 52. Kg6 Kc5 53. f5 Kb4 54. f6 a4 55. f7 1-0

[Event "USA-ch (Women)"]
[Site "Saint Louis"]
[Date "2016.04.17"]
[Round "4"]
[White "Zatonskih, Anna"]
[Black "Melekhina, Alisa"]
[Result "1-0"]
[WhiteElo "2470"]
[BlackElo "2205"]
[PlyCount "117"]
[EventDate "2016.04.14"]
[EventType "tourn"]
[EventRounds "11"]
[EventCountry "USA"]
[EventCategory "2"]
[SourceTitle "CBM 172 Extra"]
[Source "ChessBase"]
[SourceDate "2016.06.21"]
[SourceVersion "1"]
[SourceVersionDate "2016.06.21"]
[SourceQuality "1"]

1. d4 Nf6 2. c4 c5 3. d5 b5 4. cxb5 a6 5. bxa6 g6 6. Nc3 Bxa6 7. g3 d6 8. Bg2 Bg7 9. Nf3 Nbd7 10. Rb1 0-0 11. 0-0 Qa5 12. Bd2 Bb7 13. Qc2 Qa7 14. e4 Ba6 15. Rfd1 Ng4 16. h3 Nge5 17. Nxe5 Nxe5 18. Bc1 Rfb8 19. b3 Rb4 20. Be3 Qc7 21. Rbc1 Rab8 22. Ne2 Qd8 23. f4 Nd7 24. Kh2 Rc8 25. Bf2 Rbb8 26. Qd2 c4 27. Nd4 Bxd4 28. Bxd4 cxb3 29. axb3 Nc5 30. Bxc5 Rxc5 31. Rxc5 dxc5 32. Qa2 Qb6 33. Rc1 Bd3 34. Rc3 c4 35. bxc4 Qd4 36. Rb3 Rxb3 37. Qxb3 Bxc4 38. Qb4 Kf8 39. Qb8+ Kg7 40. Qc7 Bd3 41. Qxe7 Qf2 42. Qc7 Qd2 43. Qe5+ f6 44. Qd4 Qc2 45. e5 Bf1 46. exf6+ Kg8 47. Qe4 Qxe4 48. Bxe4 Kf7 49. g4 Kxf6 50. Kg3 Ke7 51. h4 Kd6 52. h5 gxh5 53. g5 Bc4 54. Kh4 Be2 55. Bxh7 Kxd5 56. g6 Bd3 57. Kxh5 Kd4 58. Kg5 Ke3 59. f5 1-0

[Event "Edward Lasker Memorial 99th"]
[Site "New York"]
[Date "2015.12.12"]
[Round "2"]
[White "Melekhina, Alisa"]
[Black "Sturt, Raven M"]
[Result "1-0"]
[WhiteElo "2205"]
[BlackElo "2374"]
[PlyCount "79"]
[EventDate "2015.12.11"]
[EventType "swiss"]
[EventRounds "9"]
[EventCountry "USA"]
[SourceTitle "CBM 170 Extra"]
[Source "ChessBase"]
[SourceDate "2016.02.25"]
[SourceVersion "1"]
[SourceVersionDate "2016.02.25"]
[SourceQuality "1"]

1. e4 e5 2. Nf3 Nc6 3. Nc3 Nf6 4. g3 Bc5 5. Bg2 d6 6. d3 a6 7. 0-0 h6 8. a3 Be6 9. b4 Ba7 10. h3 Qd7 11. Kh2 Nd4 12. Rb1 Nxf3+ 13. Qxf3 h5 14. Qe2 0-0-0 15. Be3 Bd4 16. Nd5 Bxd5 17. exd5 Qa4 18. c4 Nd7 19. Bxd4 exd4 20. Qb2 f5 21. Bf3 Ne5 22. Bd1 Qe8 23. Qxd4 h4 24. g4 fxg4 25. Bxg4+ Nxg4+ 26. Qxg4+ Kb8 27. Rfe1 Qa4 28. b5 Qxa3 29. bxa6 b6 30. Qxg7 Qxa6 31. Ra1 Qb7 32. Ra3 Rhe8 33. Rea1 Re5 34. Ra7 Rf5 35. Rxb7+ Kxb7 36. Ra7+ Kxa7 37. Qxc7+ Ka6 38. Qxd8 Rxf2+ 39. Kg1 Rf7 40. Qxd6 1-0

[Event "WchT (Women) 5th"]
[Site "Chengdu"]
[Date "2015.04.25"]
[Round "6.5"]
[White "Batsiashvili, Nino"]
[Black "Melekhina, Alisa"]
[Result "1/2-1/2"]
[WhiteElo "2475"]
[BlackElo "2235"]
[PlyCount "59"]
[EventDate "2015.04.19"]
[EventType "team-tourn"]
[EventRounds "9"]
[EventCountry "CHN"]
[SourceTitle "CBM 166 Extra"]
[Source "ChessBase"]
[SourceDate "2015.06.18"]
[SourceVersion "1"]
[SourceVersionDate "2015.06.18"]
[SourceQuality "1"]
[WhiteTeam "Georgia (W)"]
[BlackTeam "United States (W)"]
[WhiteTeamCountry "GEO"]
[BlackTeamCountry "USA"]

1. d4 Nf6 2. c4 c5 3. d5 b5 4. cxb5 a6 5. bxa6 g6 6. Nc3 Bxa6 7. g3 d6 8. Bg2 Bg7 9. Nf3 Nbd7 10. Rb1 0-0 11. 0-0 Qa5 12. Bd2 Bb7 13. Qc2 Qa6 14. e4 Ng4 15. Rfd1 Rfc8 16. Bh3 h5 17. Bf1 Qb6 18. Bg5 Kf8 19. h3 Nge5 20. Nd2 Ba6 21. Be3 Bxf1 22. Rxf1 Qa6 23. b3 Qd3 24. Rbc1 Qxc2 25. Rxc2 Nd3 26. a4 Nb4 27. Rcc1 Nd3 28. Rc2 Nb4 29. Rcc1 Nd3 30. Rc2 1/2-1/2

[Event "USA-ch (Women)"]
[Site "Saint Louis"]
[Date "2015.04.08"]
[Round "7"]
[White "Paikidze, Nazi"]
[Black "Melekhina, Alisa"]
[Result "1-0"]
[WhiteElo "2333"]
[BlackElo "2235"]
[PlyCount "91"]
[EventDate "2015.04.01"]
[EventType "tourn"]
[EventRounds "11"]
[EventCountry "USA"]
[SourceTitle "CBM 165 Extra"]
[Source "ChessBase"]
[SourceDate "2015.04.21"]
[SourceVersion "1"]
[SourceVersionDate "2015.04.21"]
[SourceQuality "1"]

1. Nf3 g6 2. g3 c5 3. Bg2 Bg7 4. c4 Nc6 5. Nc3 d6 6. 0-0 e5 7. d3 Nge7 8. a3 0-0 9. Rb1 a5 10. Bd2 Rb8 11. Ne1 Be6 12. Nc2 d5 13. cxd5 Nxd5 14. Ne4 b6 15. Ng5 Bc8 16. Ne3 Nxe3 17. Bxe3 Nd4 18. b4 cxb4 19. axb4 Bg4 20. f3 Bd7 21. Ne4 axb4 22. Bxd4 exd4 23. Qb3 Re8 24. f4 Bf8 25. Ng5 Be6 26. Nxe6 fxe6 27. f5 gxf5 28. Rxf5 Rc8 29. Bd5 Qd6 30. Rg5+ Kh8 31. Be4 Rc5 32. Rg4 b5 33. Rf1 Rc3 34. Rf7 Rc7 35. Rf5 Bh6 36. Rxb5 Be3+ 37. Kg2 Qf8 38. Bf3 Rc1 39. Qxb4 Rg1+ 40. Kh3 Qf7 41. Qd6 Qf6 42. Rb8 Qh6+ 43. Rh4 Qg6 44. Rxe8+ Qxe8 45. Qe5+ Kg8 46. Rg4+ 1-0

[Event "USA-ch (Women)"]
[Site "Saint Louis"]
[Date "2015.04.02"]
[Round "2"]
[White "Melekhina, Alisa"]
[Black "Abrahamyan, Tatev"]
[Result "1-0"]
[WhiteElo "2235"]
[BlackElo "2322"]
[PlyCount "69"]
[EventDate "2015.04.01"]
[EventType "tourn"]
[EventRounds "11"]
[EventCountry "USA"]
[SourceTitle "CBM 165 Extra"]
[Source "ChessBase"]
[SourceDate "2015.04.21"]
[SourceVersion "1"]
[SourceVersionDate "2015.04.21"]
[SourceQuality "1"]

1. e4 e6 2. d4 d5 3. Nc3 Bb4 4. exd5 exd5 5. Bd3 Nc6 6. a3 Bxc3+ 7. bxc3 Nge7 8. Qh5 Be6 9. Rb1 b6 10. Nf3 Qd7 11. Ng5 0-0-0 12. Nxe6 Qxe6+ 13. Be3 g6 14. Qf3 Nf5 15. 0-0 Nd6 16. Bg5 Rde8 17. Rfe1 Ne4 18. Ba6+ Kb8 19. Qd3 Qd6 20. Be3 f5 21. f3 Nf6 22. Bb5 Re6 23. Bf4 Rxe1+ 24. Rxe1 Qxf4 25. Bxc6 Qd6 26. Qb5 Qxa3 27. Re6 Rf8 28. h3 a6 29. Qe2 Ka7 30. Qe5 Rc8 31. Rxf6 Qxc3 32. Bxd5 Qxc2 33. Rc6 Qb1+ 34. Kh2 Kb8 35. Be6 1-0

[Event "US Masters op"]
[Site "Greensboro"]
[Date "2014.08.31"]
[Round "6"]
[White "Melekhina, Alisa"]
[Black "Baginskaite, Camilla"]
[Result "1/2-1/2"]
[WhiteElo "2150"]
[BlackElo "2223"]
[PlyCount "101"]
[EventDate "2014.08.28"]
[EventType "swiss"]
[EventRounds "9"]
[EventCountry "USA"]
[SourceTitle "CBM 162 Extra"]
[Source "ChessBase"]
[SourceDate "2014.10.17"]
[SourceVersion "1"]
[SourceVersionDate "2014.10.17"]
[SourceQuality "1"]

1. e4 e6 2. d4 d5 3. e5 c5 4. c3 Nc6 5. Nf3 Bd7 6. Bd3 cxd4 7. cxd4 Qb6 8. 0-0 Nxd4 9. Nbd2 Bc5 10. Nxd4 Bxd4 11. Nf3 Ne7 12. Nxd4 Qxd4 13. Re1 b6 14. Rb1 Rc8 15. Be3 Qa4 16. b3 Qa3 17. Qg4 Ng6 18. Bd2 a5 19. h4 h5 20. Qg3 Qe7 21. Bxg6 fxg6 22. Qxg6+ Qf7 23. Qxf7+ Kxf7 24. Be3 b5 25. Rbc1 Rxc1 26. Rxc1 Rc8 27. Rxc8 Bxc8 28. f3 Kg6 29. g4 d4 30. Bxd4 Bb7 31. Kf2 Bd5 32. Ke3 a4 33. bxa4 bxa4 34. a3 Bc6 35. Bc5 Bd5 36. Kf4 Bc6 37. Bf8 Bd5 38. Ke3 Kf7 39. Bd6 Kg6 40. f4 Bb3 41. f5+ exf5 42. gxh5+ Kxh5 43. Kf4 Be6 44. Be7 Bc8 45. Bf8 Kxh4 46. Bxg7 Be6 47. Bf8 Kh5 48. Bc5 Bc8 49. Bf2 Be6 50. Bg1 Bc8 51. Bc5 1/2-1/2

[Event "US Masters op"]
[Site "Greensboro"]
[Date "2014.08.29"]
[Round "3"]
[White "Betaneli, Aleksandr"]
[Black "Melekhina, Alisa"]
[Result "1/2-1/2"]
[WhiteElo "2246"]
[BlackElo "2150"]
[PlyCount "112"]
[EventDate "2014.08.28"]
[EventType "swiss"]
[EventRounds "9"]
[EventCountry "USA"]
[SourceTitle "CBM 162 Extra"]
[Source "ChessBase"]
[SourceDate "2014.10.17"]
[SourceVersion "1"]
[SourceVersionDate "2014.10.17"]
[SourceQuality "1"]

1. c4 e5 2. g3 Nc6 3. Nc3 g6 4. Bg2 Bg7 5. e4 d6 6. Nge2 Be6 7. d3 Qd7 8. Nd5 Nd8 9. f4 c6 10. Ne3 Bh3 11. Bxh3 Qxh3 12. f5 Nf6 13. Ng1 Qh5 14. Qxh5 Nxh5 15. Ne2 Bh6 16. 0-0 Bxe3+ 17. Bxe3 gxf5 18. exf5 Nf6 19. d4 Nd7 20. c5 d5 21. dxe5 Nxe5 22. Bd4 f6 23. Nf4 Ndf7 24. Rae1 Kd7 25. Nh5 Ke7 26. g4 Rhg8 27. h3 b5 28. cxb6 axb6 29. Bxb6 Ng5 30. Re3 Rxa2 31. Bd4 Ne4 32. Rb3 Nd7 33. Rb7 Rb8 34. Rxb8 Nxb8 35. Re1 Kf7 36. Rc1 Ra4 37. Be3 Rb4 38. Bf4 c5 39. Ng3 Nxg3 40. Bxg3 c4 41. Rd1 Rxb2 42. Bxb8 Rxb8 43. Rxd5 Rc8 44. Rd2 c3 45. Rc2 Kg7 46. Kf2 Kh6 47. h4 Kg7 48. Ke3 Rc4 49. g5 h5 50. gxh6+ Kxh6 51. Kd3 Rxh4 52. Rg2 Rh3+ 53. Kc2 Rf3 54. Rg6+ Kh5 55. Rxf6 Kg5 56. Rc6 Kxf5 1/2-1/2

[Event "Washington op 3rd"]
[Site "Rockville"]
[Date "2014.08.12"]
[Round "7"]
[White "Melekhina, Alisa"]
[Black "Corrales Jimenez, Fidel"]
[Result "0-1"]
[WhiteElo "2150"]
[BlackElo "2566"]
[PlyCount "96"]
[EventDate "2014.08.09"]
[EventType "swiss"]
[EventRounds "9"]
[EventCountry "USA"]
[SourceTitle "CBM 161 Extra"]
[Source "ChessBase"]
[SourceDate "2014.08.29"]
[SourceVersion "1"]
[SourceVersionDate "2014.08.29"]
[SourceQuality "1"]

1. e4 d6 2. g3 h5 3. h3 e5 4. Bg2 Be7 5. c3 h4 6. g4 Bg5 7. Nf3 Bf4 8. d4 Bxc1 9. Qxc1 Nc6 10. Na3 Nge7 11. Qg5 Ng6 12. Qxd8+ Nxd8 13. 0-0 Ne6 14. dxe5 dxe5 15. Nc4 f6 16. Rfd1 Ngf4 17. Bf1 Bd7 18. Ne1 0-0-0 19. Nd3 Bb5 20. Nxf4 Nxf4 21. Kh2 Rxd1 22. Rxd1 Bxc4 23. Bxc4 Rd8 24. Rxd8+ Kxd8 25. f3 Kd7 26. Bf1 c5 27. c4 Kc6 28. Kg1 a6 29. Kf2 b5 30. cxb5+ axb5 31. b3 Kb6 32. Ke3 Ka5 33. a3 c4 34. bxc4 bxc4 35. Kd2 Ka4 36. Kc3 Kxa3 37. Kxc4 Kb2 38. Kc5 Kc3 39. Kd6 Kd2 40. g5 Ke1 41. gxf6 gxf6 42. Bb5 Nxh3 43. Bd7 Ng5 44. Ke7 Nxf3 45. Kxf6 Kf2 46. Bg4 Kg3 47. Bxf3 Kxf3 48. Kxe5 h3 0-1

[Event "Washington op 3rd"]
[Site "Rockville"]
[Date "2014.08.10"]
[Round "4"]
[White "Melekhina, Alisa"]
[Black "Kaufman, Larry C"]
[Result "1-0"]
[WhiteElo "2150"]
[BlackElo "2320"]
[PlyCount "94"]
[EventDate "2014.08.09"]
[EventType "swiss"]
[EventRounds "9"]
[EventCountry "USA"]
[SourceTitle "CBM 161 Extra"]
[Source "ChessBase"]
[SourceDate "2014.08.29"]
[SourceVersion "1"]
[SourceVersionDate "2014.08.29"]
[SourceQuality "1"]

1. e4 e5 2. Nf3 Nc6 3. Nc3 Nf6 4. g3 Bc5 5. Bg2 d6 6. d3 a6 7. 0-0 h6 8. a3 0-0 9. b4 Ba7 10. Be3 Be6 11. Bxa7 Rxa7 12. h3 a5 13. b5 Ne7 14. d4 Ng6 15. Qd3 Ra8 16. Nd2 Nd7 17. Ne2 exd4 18. Nxd4 Nc5 19. Qc3 Bd7 20. f4 f6 21. N2b3 b6 22. a4 Kh8 23. Rfd1 Re8 24. Nxc5 bxc5 25. Nb3 Qc8 26. Kh2 c6 27. b6 Qb8 28. Nxa5 d5 29. Qxc5 Nxf4 30. gxf4 Qxf4+ 31. Kg1 Rxe4 32. Bxe4 Qxe4 33. Re1 Qg6+ 34. Kh2 Qf5 35. Qe3 Re8 36. Qg3 Rg8 37. Re2 d4 38. Nb3 Bc8 39. a5 Ba6 40. Rf2 Qd5 41. Qf3 Qc4 42. Qd3 Qe6 43. Qxa6 Qe5+ 44. Kg2 Qg5+ 45. Kf1 Re8 46. Re1 Re5 47. Qc8+ Kh7 1-0

[Event "Chicago op 23rd"]
[Site "Wheeling"]
[Date "2014.05.23"]
[Round "3"]
[White "Melekhina, Alisa"]
[Black "Santarius, Erik F"]
[Result "1-0"]
[WhiteElo "2151"]
[BlackElo "2337"]
[PlyCount "131"]
[EventDate "2014.05.22"]
[EventType "swiss"]
[EventRounds "9"]
[EventCountry "USA"]
[SourceTitle "CBM 160 Extra"]
[Source "ChessBase"]
[SourceDate "2014.07.01"]
[SourceVersion "1"]
[SourceVersionDate "2014.07.01"]
[SourceQuality "1"]

1. e4 c5 2. c3 Nf6 3. e5 Nd5 4. Nf3 Nc6 5. Bc4 Nb6 6. Bb3 d5 7. exd6 Qxd6 8. Na3 Bf5 9. d4 e6 10. Nb5 Qd7 11. Bf4 Rc8 12. dxc5 Bxc5 13. Qxd7+ Nxd7 14. Bd6 a6 15. Bxc5 axb5 16. Bd6 Nb6 17. Nd2 Na5 18. Bb4 Nxb3 19. axb3 Nd5 20. Bd6 f6 21. Bg3 Bd3 22. f3 Kd7 23. Ne4 Bc2 24. b4 e5 25. Kd2 Bxe4 26. fxe4 Nb6 27. b3 Kc6 28. Bf2 Na8 29. Rhc1 Rhd8+ 30. Ke2 Nc7 31. c4 b6 32. c5 bxc5 33. Rxc5+ Kb7 34. Rac1 Rd7 35. Rc6 Ra8 36. Rb6+ Kc8 37. Rxb5 Ra2+ 38. Ke1 Ra1 39. Rbc5 Rxc1+ 40. Rxc1 Kb7 41. Ke2 Rd8 42. Rc5 Ne6 43. Rb5+ Kc8 44. Be3 h5 45. Rb6 Kd7 46. b5 Rc8 47. Kd3 Rd8 48. Ke2 Rc8 49. Rb7+ Kd6 50. Kd3 Rd8 51. b4 g6 52. Kc4 Nd4 53. Bxd4 exd4 54. Kxd4 h4 55. Ra7 g5 56. Ra6+ Kc7+ 57. Kc3 Re8 58. Kd4 Rd8+ 59. Ke3 Rf8 60. Rc6+ Kd7 61. Kd4 f5 62. e5 f4 63. e6+ Ke7 64. Ke5 f3 65. Rc7+ Ke8 66. Kd6 1-0

[Event "USA-ch (Women)"]
[Site "Saint Louis"]
[Date "2014.05.12"]
[Round "4"]
[White "Melekhina, Alisa"]
[Black "Eswaran, Ashritha"]
[Result "1/2-1/2"]
[WhiteElo "2151"]
[BlackElo "1979"]
[PlyCount "120"]
[EventDate "2014.05.08"]
[EventType "tourn"]
[EventRounds "9"]
[EventCountry "USA"]
[EventCategory "1"]
[SourceTitle "CBM 160 Extra"]
[Source "ChessBase"]
[SourceDate "2014.07.01"]
[SourceVersion "1"]
[SourceVersionDate "2014.07.01"]
[SourceQuality "1"]

1. e4 c5 2. Nc3 Nc6 3. f4 g6 4. Nf3 Bg7 5. a3 e6 6. b4 d6 7. bxc5 dxc5 8. e5 f6 9. Bb5 Nge7 10. exf6 Bxf6 11. 0-0 0-0 12. Rb1 a6 13. Bd3 Nd5 14. Nxd5 exd5 15. c4 dxc4 16. Bxc4+ Kg7 17. d3 b5 18. Bb3 Bf5 19. Bc2 c4 20. Ne1 Nd4 21. Bb2 Nxc2 22. Qxc2 cxd3 23. Qd2 Re8 24. Rf2 Bxb2 25. Qxb2+ Qf6 26. Qxf6+ Kxf6 27. Rd1 Bg4 28. Nf3 Re3 29. Rfd2 Bxf3 30. gxf3 Kf5 31. Rxd3 Rxd3 32. Rxd3 Kxf4 33. Kf2 Rc8 34. Rd4+ Ke5 35. Rd3 Rc4 36. Kg3 a5 37. Rd7 Rc3 38. Rb7 Rb3 39. Kg4 b4 40. f4+ Kd4 41. axb4 axb4 42. Rxh7 Rb1 43. Rd7+ Kc3 44. Rc7+ Kb2 45. Kg5 Rg1+ 46. Kf6 Rg4 47. Ke5 b3 48. Rc6 Kb1 49. h4 b2 50. Rb6 Rg3 51. f5 gxf5 52. Kxf5 Kc2 53. Rxb2+ Kxb2 54. h5 Rh3 55. Kg6 Kc3 56. h6 Kd4 57. h7 Ke5 58. Kg7 Rg3+ 59. Kf7 Rf3+ 60. Kg7 Rg3+ 1/2-1/2

[Event "Bay Area op"]
[Site "Santa Clara"]
[Date "2014.01.06"]
[Round "7"]
[White "Shivaji, Shivkuma"]
[Black "Melekhina, Alisa"]
[Result "0-1"]
[WhiteElo "2273"]
[BlackElo "2188"]
[PlyCount "134"]
[EventDate "2014.01.02"]
[EventType "swiss"]
[EventRounds "9"]
[EventCountry "USA"]
[SourceTitle "CBM 158 Extra"]
[Source "ChessBase"]
[SourceDate "2014.02.28"]
[SourceVersion "1"]
[SourceVersionDate "2014.02.28"]
[SourceQuality "1"]

1. e4 c5 2. Nf3 Nc6 3. Bb5 g6 4. Bxc6 dxc6 5. d3 Bg7 6. h3 e5 7. Be3 b6 8. Nbd2 Ne7 9. a3 a5 10. 0-0 Qc7 11. b4 axb4 12. axb4 Rxa1 13. Qxa1 cxb4 14. Qa4 f5 15. Qxb4 c5 16. Qb2 0-0 17. Nc4 fxe4 18. dxe4 Bxh3 19. Ng5 Bg4 20. f3 h6 21. fxg4 Rxf1+ 22. Kxf1 hxg5 23. Qxb6 Qd7 24. Qd6 Qb5 25. Qe6+ Kh7 26. Kg1 Nc6 27. Kh2 Nd4 28. Qf7 Qc6 29. Nd2 Nxc2 30. Bxg5 Nd4 31. Qd5 Qxd5 32. exd5 Bh6 33. Bxh6 Kxh6 34. Kg3 Kg7 35. g5 Nf5+ 36. Kf3 Nd6 37. Ke3 c4 38. Nf3 e4 39. Ne1 Kf7 40. Kd4 Ke7 41. Nc2 Kd7 42. Ne3 Kc7 43. Ke5 c3 44. Kf6 Nc4 45. Nc2 e3 46. Ke7 e2 47. g4 Nd6 48. Ne1 Nb5 49. Nc2 Nd4 50. d6+ Kb7 51. d7 Nxc2 52. d8Q e1Q+ 53. Kf6 Ne3 54. Qe7+ Kc6 55. Qe6+ Kc5 56. Qc8+ Kd4 57. Kxg6 Qb1+ 58. Kh6 c2 59. Qd8+ Nd5 60. Qh8+ Kd3 61. Qh7+ Kd2 62. Qe4 c1Q 63. Qxd5+ Ke3 64. Qe5+ Kf3 65. Qd5+ Qe4 66. Qf7+ Kxg4 67. Qh5+ Kg3 0-1

[Event "Bay Area op"]
[Site "Santa Clara"]
[Date "2014.01.04"]
[Round "4"]
[White "Melekhina, Alisa"]
[Black "Prieto, Ernesto"]
[Result "1-0"]
[WhiteElo "2188"]
[BlackElo "2095"]
[PlyCount "115"]
[EventDate "2014.01.02"]
[EventType "swiss"]
[EventRounds "9"]
[EventCountry "USA"]
[SourceTitle "CBM 158 Extra"]
[Source "ChessBase"]
[SourceDate "2014.02.28"]
[SourceVersion "1"]
[SourceVersionDate "2014.02.28"]
[SourceQuality "1"]

1. e4 e5 2. Nf3 Nc6 3. d4 exd4 4. Nxd4 Nf6 5. Nxc6 bxc6 6. e5 Ne4 7. Qf3 Ng5 8. Qg3 Ne6 9. Bd3 d5 10. 0-0 Be7 11. f4 Bh4 12. Qg4 h5 13. Qd1 g6 14. f5 gxf5 15. Bxf5 Ba6 16. Bd3 Bxd3 17. cxd3 Qe7 18. Nd2 0-0-0 19. Qa4 Qc5+ 20. Kh1 Be7 21. Nb3 Qb6 22. Bd2 Rhg8 23. Na5 Nd4 24. Rac1 c5 25. Rf2 Rg4 26. b4 Qg6 27. bxc5 Rg8 28. Qb4 Qa6 29. Rb1 Nc6 30. Qb3 Bxc5 31. Qxd5 Bxf2 32. Nxc6 Bb6 33. Ne7+ Kb8 34. Nxg8 Rxg8 35. Qxf7 Rd8 36. Rb3 Rxd3 37. Rxd3 Qxd3 38. Qf8+ Kb7 39. Qf3+ Qxf3 40. gxf3 Kc6 41. f4 Kd5 42. Kg2 Ke6 43. Kf3 Kf5 44. Be3 c5 45. a4 a6 46. Bf2 a5 47. Be3 Ba7 48. Bg1 Bb6 49. Bf2 Ba7 50. Kg3 Bb6 51. Be3 Ba7 52. Kh4 Bb6 53. Kxh5 Ke6 54. Kg6 Kd5 55. Kf7 Bd8 56. e6 c4 57. e7 Bxe7 58. Kxe7 1-0

[Event "Bay Area op"]
[Site "Santa Clara"]
[Date "2014.01.03"]
[Round "3"]
[White "Xiong, Jeffery"]
[Black "Melekhina, Alisa"]
[Result "1-0"]
[WhiteElo "2331"]
[BlackElo "2188"]
[PlyCount "67"]
[EventDate "2014.01.02"]
[EventType "swiss"]
[EventRounds "9"]
[EventCountry "USA"]
[SourceTitle "CBM 158 Extra"]
[Source "ChessBase"]
[SourceDate "2014.02.28"]
[SourceVersion "1"]
[SourceVersionDate "2014.02.28"]
[SourceQuality "1"]

1. e4 c5 2. Nf3 Nc6 3. Bb5 g6 4. Bxc6 dxc6 5. d3 Bg7 6. 0-0 e5 7. a3 Ne7 8. b4 Qd6 9. Nbd2 cxb4 10. axb4 Qc7 11. Bb2 f6 12. Ra3 g5 13. Qa1 g4 14. Ne1 a6 15. d4 Be6 16. dxe5 fxe5 17. Nd3 Ng6 18. f4 gxf3 19. Nxf3 Bc4 20. Nd2 Bxd3 21. Rxd3 Rd8 22. Rxd8+ Qxd8 23. Nc4 Qc7 24. Qd1 Bf8 25. Nxe5 Rg8 26. Ng4 Bg7 27. Bxg7 Rxg7 28. Qd4 Rf7 29. Nf6+ Ke7 30. Qc5+ Kd8 31. Rd1+ Kc8 32. Ne8 b6 33. Qc4 b5 34. Qe6+ 1-0

[Event "CHN-USA Summit (Women) Rapid"]
[Site "Ningbo"]
[Date "2013.07.27"]
[Round "9.4"]
[White "Melekhina, Alisa"]
[Black "Ju, Wenjun"]
[Result "1/2-1/2"]
[WhiteElo "2216"]
[BlackElo "2531"]
[PlyCount "75"]
[EventDate "2013.07.25"]
[EventType "schev (rapid)"]
[EventRounds "10"]
[EventCountry "CHN"]
[SourceTitle "CBM 155 Extra"]
[Source "ChessBase"]
[SourceDate "2013.08.26"]
[SourceVersion "1"]
[SourceVersionDate "2013.08.26"]
[SourceQuality "1"]
[WhiteTeam "United States"]
[BlackTeam "China"]
[WhiteTeamCountry "USA"]
[BlackTeamCountry "CHN"]

1. e4 d6 2. g3 c5 3. Bg2 g6 4. Ne2 Bg7 5. 0-0 Nc6 6. c3 e5 7. d3 Nge7 8. Be3 0-0 9. Qd2 f5 10. Bh6 Be6 11. Bxg7 Kxg7 12. f4 Qd7 13. Na3 d5 14. exf5 Nxf5 15. fxe5 Nxe5 16. d4 Ng4 17. dxc5 Nge3 18. Rf2 Rae8 19. Nd4 Nxg2 20. Rxg2 Nxd4 21. Qxd4+ Kg8 22. Rd2 Rf7 23. Nc2 Bh3 24. Ne3 Re4 25. Qxe4 dxe4 26. Rxd7 Rxd7 27. Rd1 Rc7 28. b4 h5 29. Rd4 Re7 30. b5 Rc7 31. Rc4 Be6 32. Rxe4 Kf7 33. Ra4 Rxc5 34. Rxa7 Rxb5 35. a4 Rb2 36. a5 Kf6 37. a6 bxa6 38. Rxa6 1/2-1/2